Từ điển ngân hàng Anh - Trung - Việt

Gespeichert in:
Bibliographische Detailangaben
1. Verfasser: Ngọc Thái
Format: Buch
Sprache:Undetermined
Veröffentlicht: Hà Nội Từ điển Bách khoa 2007
Schlagworte:
Tags: Tag hinzufügen
Keine Tags, Fügen Sie den ersten Tag hinzu!
Thư viện lưu trữ: Trung tâm Học liệu Trường Đại học Cần Thơ
LEADER 00593nam a2200205Ia 4500
001 CTU_129423
008 210402s9999 xx 000 0 und d
020 |c 100000 
082 |a 332.103 
082 |b Ng419 
100 |a Ngọc Thái 
245 0 |a Từ điển ngân hàng Anh - Trung - Việt 
245 0 |c Ngọc Thái 
260 |a Hà Nội 
260 |b Từ điển Bách khoa 
260 |c 2007 
650 |a Banks and banking,Ngân hàng 
650 |x Dictionary,Từ điển 
904 |i Giang 
980 |a Trung tâm Học liệu Trường Đại học Cần Thơ